University Home | Library Home | Institutional Repository

Vedda villages of Anuradhapura : (Record no. 130547)

MARC details
000 -LEADER
fixed length control field 01425cam6a220033701 4500
001 - CONTROL NUMBER
control field lce00258185
005 - DATE AND TIME OF LATEST TRANSACTION
control field 20190822104355.0
008 - FIXED-LENGTH DATA ELEMENTS--GENERAL INFORMATION
fixed length control field 771021s1978 wauaf b 001 0 eng
010 ## - LIBRARY OF CONGRESS CONTROL NUMBER
LC control number 77016663 //r902
020 ## - INTERNATIONAL STANDARD BOOK NUMBER
International Standard Book Number 0295955856
035 ## - SYSTEM CONTROL NUMBER
System control number (Sirsi) r93376
035 ## - SYSTEM CONTROL NUMBER
System control number (DLC) 77016663 //r902
035 ## - SYSTEM CONTROL NUMBER
System control number (UPRA)lce00258185
040 ## - CATALOGING SOURCE
Original cataloging agency DLC
Transcribing agency DLC
Modifying agency DLC
-- UPRA
043 ## - GEOGRAPHIC AREA CODE
Geographic area code a-ce---
050 00 - LIBRARY OF CONGRESS CALL NUMBER
Classification number DS489.25.V4
Item number B76
082 00 - DEWEY DECIMAL CLASSIFICATION NUMBER
Classification number 301.45/09549/3
100 1# - MAIN ENTRY--PERSONAL NAME
Personal name Brow, James.
Linkage A52132.1
245 10 - TITLE STATEMENT
Title Vedda villages of Anuradhapura :
Remainder of title the historical anthropology of a community in Sri Lanka /
Statement of responsibility, etc. James Brow.
260 ## - PUBLICATION, DISTRIBUTION, ETC.
Place of publication, distribution, etc. Seattle :
Name of publisher, distributor, etc. University of Washington Press,
Date of publication, distribution, etc. c1978.
490 1# - SERIES STATEMENT
Series statement Publications on Asia of the School of International Studies ; no. 33
500 ## - GENERAL NOTE
General note Includes index.
504 ## - BIBLIOGRAPHY, ETC. NOTE
Bibliography, etc. note Bibliography: p. 245-256.
650 #0 - SUBJECT ADDED ENTRY--TOPICAL TERM
Topical term or geographic name entry element Vedda (Sri Lankan people)
Linkage S40779.1
650 #0 - SUBJECT ADDED ENTRY--TOPICAL TERM
Topical term or geographic name entry element Kinship -- Sri Lanka -- North-Central Province.
Geographic subdivision Kinship -- Sri Lanka -- North-Central Province.
-- Kinship -- Sri Lanka -- North-Central Province.
Linkage S40780.1
651 #0 - SUBJECT ADDED ENTRY--GEOGRAPHIC NAME
Geographic name North Central Province (Sri Lanka) -- Social conditions.
General subdivision North Central Province (Sri Lanka) -- Social conditions.
Linkage S40781.1
830 #0 - SERIES ADDED ENTRY--UNIFORM TITLE
Uniform title Publications on Asia of the School of International Studies, University of Washington ;
Volume/sequential designation v. 33.
Linkage S8652.1
949 ## - LOCAL PROCESSING INFORMATION (OCLC)
a DS489.25.V4
w lcc
m MAIN
t BOOK
l ON-SHELF
987 ## - LOCAL ROMANIZATION/CONVERSION HISTORY (OCLC)
Romanization/conversion identifier WITHDRAWN

No items available.

© 2026 - The University of Zambia Library - Koha v25.11